Austrália (Registo nº 584)
[ vista simples ]
| 000 -Etiqueta do registo | |
|---|---|
| Cabeçalho | 00542nam0a22002411 4500 |
| 005 - Identificador da versão | |
| Campo de controlo | 20240822145546.0 |
| 010 ## - Número internacional normalizado dos livros (ISBN) | |
| Número (ISBN) | 9722220284 |
| 021 ## - Número do Depósito Legal | |
| Código do país | PT |
| Número | 158406/00 |
| 035 ## - Other System Control Numbers | |
| System Control Number | 0000607 |
| System Control Number | 0000603 |
| System Control Number | 0000603 |
| System Control Number | 0000593 |
| 100 ## - Dados gerais de processamento | |
| Dados gerais de processamento | 20050927d a e0pory5003 ba |
| 101 1# - Língua de publicação | |
| Língua do texto, banda sonora, etc. | Português |
| Língua do documento no original | Inglês |
| 102 ## - Pais de publicação ou produção | |
| País de publicação | Portugal |
| 105 ## - Campo de dados codificados: livros | |
| Dados codificados dos livros | y z 001yy |
| 106 ## - Campo de dados codificados: material textual | |
| Dados codificados do material textual | r |
| 200 1# - Titulo e menção de responsabilidade | |
| Título próprio | Austrália |
| Informação de outro título | os lugares e a História |
| Primeira menção de responsabilidade | Marco Moretti |
| 210 ## - Publicação, Distribuição, etc. | |
| Lugar da edição, distribuição, etc. | Lisboa |
| Nome do editor, distribuidor, etc. | Verbo |
| Data da publicação, distribuição, etc. | 2000 |
| 215 ## - Descrição física | |
| Indicação específica da natureza do documento e extensão da espécie | p. 135 |
| Dimensões | cm |
| 942 ## - Elementos de entrada adicionados (Koha) | |
| Tipo de item no Koha | Livro |
| Situação do levantamento | Origin of item (home branch) (coded) | Biblioteca de empréstimo | Código de barras | Circulation type (not for loan) | Tipo de documento | Nota do exemplar | Damaged status |
|---|---|---|---|---|---|---|---|
| Biblioteca Escolar Eng. Nuno Mergulhão | Biblioteca Escolar Eng. Nuno Mergulhão | BENM426 | Livro | Sem mensagem |
